| 000 | 00561nam a2200217 a 4500 | ||
|---|---|---|---|
| 008 | |||
| 020 | _a1858733839(pbk.) | ||
| 049 | _aMAIN | ||
| 090 | _aRC111 KES | ||
| 100 | 1 | _aKester,R.C. | |
| 245 | 1 | 0 | _aHandbook of Infections in Surgery |
| 260 |
_aLondon; _b Science Press; _c2003. |
||
| 300 |
_aviii,124p.: _bill.: _c20cm. |
||
| 500 | _aIncludes index. | ||
| 650 | 1 | _aMedicine | |
| 907 |
_a.b10247130 _b05-06-07 _c04-06-07 |
||
| 003 | |||
| 005 | 20230123134455.0 | ||
| 040 | _cNUST | ||
| 942 |
_cBOOKS _kRC111 KES |
||
| 999 |
_c166538 _d166538 |
||